| 000 | 00368nam a2200133Ia 4500 | ||
|---|---|---|---|
| 008 | 220204s9999 xx 000 0 und d | ||
| 020 | _a9.78813E+12 | ||
| 082 |
_a338.22(540) _bRED |
||
| 100 | _aREDDY, YV | ||
| 245 | 0 | _aEconomic policies and Inia's reform agenda: New thinking | |
| 260 |
_aHyderabad _bOrient Blackswan _c2013 |
||
| 650 | _aIndian economy | ||
| 942 | _cBK | ||
| 999 |
_c43154 _d43154 |
||